Atoms and molecules in strong external fields (Record no. 65153)
[ view plain ]
| 000 -LEADER | |
|---|---|
| fixed length control field | 01674nam a2200397 a 4500 |
| 082 04 - DEWEY DECIMAL CLASSIFICATION NUMBER | |
| Classification number | 530.4/16 |
| 245 00 - TITLE STATEMENT | |
| Title | Atoms and molecules in strong external fields |
| 260 ## - PUBLICATION, DISTRIBUTION, ETC. (IMPRINT) | |
| Place of publication | New York : |
| Name of publisher | Plenum Press, |
| Year of publication | c1998. |
| 300 ## - PHYSICAL DESCRIPTION | |
| Number of Pages | ix, 336 p. : |
| Other physical details | ill. |
| 500 ## - GENERAL NOTE | |
| General note | "Proceedings of the 172nd WE-Heraeus-Seminar on Atoms and Molecules in Strong External Fields, held April 7-11, 1997 at Bad Honnef, Germany"-- T.p. verso. |
| 650 #0 - SUBJECT ADDED ENTRY--TOPICAL TERM | |
| Topical Term | Electronic structure |
| Topical Term | Rydberg states |
| Topical Term | Electric fields |
| Topical Term | Magnetic fields |
| Topical Term | White dwarf stars |
| Topical Term | Neutron stars |
| Topical Term | Astrophysics |
| 700 1# - ADDED ENTRY--PERSONAL NAME | |
| Personal name | Schmelcher, P. |
| Personal name | Schweizer, W. |
| 856 40 - ELECTRONIC LOCATION AND ACCESS | |
| Uniform Resource Identifier | http://site.ebrary.com/lib/rucke/Doc?id=10053013 |
No items available.
